000 00876cam a22002893a 4500
001 2055
003 PGUSA
005 20140828083010.0
008 000201s2000||||xxu|||||s|||||000 | eng d
040 _aPGUSA
_beng
042 _adc
050 4 _aG
100 1 _aDana, Richard Henry,
_d1815-1882
245 1 0 _aTwo Years Before the Mast
_h[electronic resource] /
_cRichard Henry Dana
260 _bProject Gutenberg,
_c2000
500 _aSee also PG#4277 with Introduction and afterword by Richard Henry Dana III
506 _aPublic domain in the USA.
516 _aElectronic text
653 _aSeafaring life
653 _aSailors
653 _aDana, Richard Henry, 1815-1882
653 _aVoyages and travels
700 1 _aKeyes, Homer Eaton,
_d1875-1938
830 0 _aProject Gutenberg
_v2055
856 4 0 _uhttp://www.gutenberg.org/ebooks/2055
942 _cEB
999 _c231394
_d231394